|
|
|
|
| LEADER |
00000cam a2200000 7i4500 |
| 001 |
0000001809 |
| 005 |
20011208.0 |
| 020 |
0 |
0 |
|a 9251012210
|
| 090 |
0 |
0 |
|a FAO577.698
|b MAN 1982
|
| 245 |
0 |
0 |
|a MANAGEMENT and utilization of mangroves in Asia and the Pacific
|
| 260 |
0 |
0 |
|a Rome :
|b Food and Agriculture Organization of the United Nations ,
|c 1982
|
| 300 |
|
|
|a xxi, 160 p. :
|b ill., maps ;
|c 30 cm.
|
| 440 |
0 |
0 |
|a FAO environment paper ; 3
|
| 500 |
0 |
0 |
|a Bibliography : p. 148-160
|
| 650 |
0 |
0 |
|a Mangrove forests
|x Management
|
| 710 |
1 |
1 |
|a Food and Agriculture Organization of the United Nations (FAO)
|
| 998 |
|
|
|a JPSM
|
| 999 |
|
|
|a 0000002813
|b Monograph
|c Food and Agriculture Organization
|e Default branch
|